Vybrané faktory ovplyvňujúce daňovú povinnosť právnických osôb v SR diplomová práca

Enregistré dans:
Détails bibliographiques
Auteur principal: Glatzová, Sára
Collectivité auteur: Národohospodárska fakulta EU. Katedra financií
Autres auteurs: Kušnírová, Jana, 1977-
Format: Livre
Langue:slovaque
Publié: Bratislava 2021
Tags: Ajouter un tag
Pas de tags, Soyez le premier à ajouter un tag!

MARC

LEADER 00000nbm a2200000 4500
001 0274261
005 20220104090715.5
041 0 |a slo 
044 |a SK 
245 1 0 |a Vybrané faktory ovplyvňujúce daňovú povinnosť právnických osôb v SR  |b diplomová práca  |c Sára Glatzová ; školiteľ: Jana Kušnírová 
264 1 |a Bratislava  |c 2021 
300 |a 57 s. 
100 1 |a Glatzová, Sára 
700 1 |a Kušnírová, Jana, 1977- 
710 2 |a Národohospodárska fakulta EU. Katedra financií